Every 90+ Overall Player in Madden 26 - Statistics

General Stats
  • This quiz has been taken 32 times
  • The average score is 46 of 92
Answer Stats
Team Overall Answer % Correct
Bills 99 Josh Allen
96%
Patriots 93 Drake Maye
92%
Bengals 99 Ja’Marr Chase
88%
Ravens 94 Lamar Jackson
88%
Bengals 96 Joe Burrow
84%
Dolphins 92 Tyreek Hill
84%
Patriots 98 Christian Gonzalez
80%
Browns 99 Myles Garrett
80%
Seahawks 95 Jaxon Smith-Njigba
76%
Chiefs 92 Patrick Mahomes
76%
Steelers 94 T.J. Watt
76%
Eagles 91 DeVonta Smith
72%
Bills 93 James Cook III
72%
Colts 96 Jonathan Taylor
72%
Ravens 93 Roquan Smith
72%
Chiefs 91 Trey Smith
72%
Chiefs 94 Chris Jones
68%
Vikings 94 Justin Jefferson
68%
Lions 96 Amon-Ra St. Brown
64%
49ers 96 Christian McCaffrey
64%
Panthers 96 Derrick Brown
64%
Eagles 99 Lane Johnson
64%
Rams 98 Matthew Stafford
64%
Broncos 97 Patrick Surtain II
64%
Rams 97 Puka Nacua
64%
Eagles 92 Saquon Barkley
64%
Chiefs 90 Travis Kelce
64%
Steelers 95 Cameron Heyward
60%
Cowboys 93 CeeDee Lamb
60%
Browns 93 Denzel Ward
60%
Ravens 94 Derrick Henry
60%
Lions 98 Jahmyr Gibbs
60%
Beras 90 Jaylon Johnson
60%
49ers 95 Nick Bosa
60%
Cowboys 90 Quinnen Williams
60%
49ers 97 Trent Williams
60%
Texans 94 Will Anderson, Jr.
60%
Texans 92 Derek Stingley, Jr.
56%
Giants 93 Dexter Lawrence II
56%
Steelers 94 Jalen Ramsey
56%
Raiders 97 Maxx Crosby
56%
Packers 98 Micah Parsons
56%
Bengals 90 Trey Hendrickson
56%
Cowboys 91 Dak Prescott
52%
Rams 90 Davante Adams
52%
Buccaneers 91 Mike Evans
52%
Chiefs 95 Creed Humphrey
48%
49ers 97 Fred Warner
48%
Titans 95 Jeffery Simmons
48%
Colts 94 Quenton Nelson
48%
Commanders 90 Terry McLaurin
48%
Lions 93 Aidan Hutchinson
44%
Raiders 93 Brock Bowers
44%
Cardinals 90 Budda Baker
44%
49ers 98 George Kittle
44%
Falcons 94 Jessie Bates III
44%
Cardinals 97 Trey McBride
44%
Falcons 95 Bijan Robinson
40%
Bears 96 Joe Thuney
40%
Packers 91 Josh Jacobs
40%
Texans 92 Danielle Hunter
36%
Saints 91 Demario Davis
36%
Chargers 93 Derwin James, Jr.
36%
Falcons 92 Drake London
36%
Seahawks 90 Kenneth Walker II
36%
Raiders 91 Kolton Miller
36%
Ravens 93 Kyle Hamilton
36%
Lions 98 Penei Sewell
36%
Colts 90 Sauce Gardner
36%
Chiefs 94 Trent McDuffie
36%
Falcons 93 Chris Lindstrom
32%
Broncos 96 Garett Bolles
32%
Ravens 91 Mark Andrews
32%
Buccaneers 95 Tristan Wirfs
32%
Giants 93 Andrew Thomas
28%
Buccaneers 92 Antoine Winfield, Jr.
28%
Commanders 92 Bobby Wagner
28%
Seahawks 91 Devon Witherspoon
28%
Broncos 95 Quinn Meinerz
28%
Buccaneers 94 Vita Vea
28%
Packers 92 Xavier McKinney
28%
Lions 91 Brian Branch
24%
Lions 91 Kerby Joseph
24%
Commanders 94 Laremy Tunsil
24%
Eagles 90 Zack Baun
24%
Vikings 90 Christian Darrisaw
20%
Colts 91 DeForest Buckner
20%
Broncos 91 Nik Bonitto
20%
Chargers 92 Rashawn Slater
20%
Ravens 92 Nnamdi Madubuike
16%
Eagles 91 Jordan Mailata
12%
Vikings 91 Ryan Kelly
4%
No matching quizzes found
Score Distribution
Percent of People with Each Score
Percentile by Number Answered
Your Score History
You have not taken this quiz